[Event "POL-chT3 Kujawsko Pomorskie 1314"]
[Site "Poland"]
[Date "2014.??.??"]
[Round "7.16"]
[White "Maciejewski, Mikolaj"]
[Black "Zolnierowicz, Krzysztof"]
[Result "1-0"]
[WhiteElo "1762"]
[BlackElo "2090"]
[PlyCount "29"]
[EventDate "2013.11.03"]
[EventType "team-tourn"]
[EventRounds "11"]
[EventCountry "POL"]
[SourceTitle "EXT 2015"]
[Source "ChessBase"]
[SourceDate "2014.11.20"]
[SourceVersion "1"]
[SourceVersionDate "2014.11.20"]
[SourceQuality "1"]
[WhiteTeam "Bydgoszcz Emdek"]
[BlackTeam "Swiecie Gambit"]
[WhiteTeamCountry "POL"]
[BlackTeamCountry "POL"]

1. e4 d5 2. exd5 Nf6 3. Nc3 Nxd5 4. d4 Bf5 5. Bc4 e6 6. a3 Be7 7. Nf3 0-0 8. 0-0 Nxc3 9. bxc3 Nd7 10. Rb1 Nb6 11. Bd3 Bxd3 12. Qxd3 e5 13. Nxe5 Qd5 14. Qg3 Kh8 15. Re1 1-0

[Event "POL-ch qual U17"]
[Site "Jastrzebia Gora"]
[Date "2013.09.28"]
[Round "5.1"]
[White "Maciejewski, Mikolaj"]
[Black "Sliwicki, Damian"]
[Result "0-1"]
[WhiteElo "1744"]
[BlackElo "2126"]
[PlyCount "41"]
[EventDate "2013.09.28"]
[EventType "tourn"]
[EventRounds "7"]
[EventCountry "POL"]
[SourceTitle "EXT 2023"]
[Source "ChessBase"]
[SourceDate "2022.10.05"]
[SourceVersion "1"]
[SourceVersionDate "2022.10.05"]
[SourceQuality "1"]

1. e4 Nf6 2. e5 Nd5 3. d4 d6 4. c4 Nb6 5. Nc3 dxe5 6. dxe5 Qxd1+ 7. Nxd1 Nc6 8. Bf4 Bf5 9. Ne3 Bg6 10. Nf3 e6 11. a3 0-0-0 12. Rd1 Be7 13. Be2 Na4 14. Rxd8+ Rxd8 15. Nd1 Nc5 16. 0-0 Nd3 17. Bg3 Nc1 18. Nc3 Nxe2+ 19. Nxe2 Bd3 20. Re1 Bxc4 21. Nc3 0-1

[Event "POL-ch qual U17"]
[Site "Jastrzebia Gora"]
[Date "2013.09.28"]
[Round "6.4"]
[White "Maciejewski, Mikolaj"]
[Black "Zebracki, Tomasz"]
[Result "1-0"]
[WhiteElo "1744"]
[BlackElo "2029"]
[PlyCount "41"]
[EventDate "2013.09.28"]
[EventType "tourn"]
[EventRounds "7"]
[EventCountry "POL"]
[SourceTitle "EXT 2023"]
[Source "ChessBase"]
[SourceDate "2022.10.05"]
[SourceVersion "1"]
[SourceVersionDate "2022.10.05"]
[SourceQuality "1"]

1. e4 e6 2. d4 d5 3. exd5 exd5 4. Bd3 Bd6 5. Nf3 Nc6 6. 0-0 Bg4 7. c3 Qd7 8. Nbd2 0-0-0 9. b4 h5 10. Qa4 Kb8 11. b5 Nce7 12. Rb1 Nh6 13. Ba3 f6 14. Bc5 Bxc5 15. dxc5 Qe8 16. Nd4 Bf5 17. Bxf5 Nhxf5 18. Nc6+ Nxc6 19. bxc6 b6 20. Rfe1 Ne7 21. Rxe7 1-0

[Event "POL-chT3 Kujawsko Pomorskie 1213"]
[Site "Poland"]
[Date "2013.03.10"]
[Round "10.26"]
[White "Maciejewski, Mikolaj"]
[Black "Zolnierowicz, Krzysztof"]
[Result "1-0"]
[WhiteElo "1733"]
[BlackElo "2166"]
[PlyCount "93"]
[EventDate "2012.11.04"]
[EventType "team-tourn"]
[EventRounds "11"]
[EventCountry "POL"]
[SourceTitle "EXT 2015"]
[Source "ChessBase"]
[SourceDate "2014.11.20"]
[SourceVersion "1"]
[SourceVersionDate "2014.11.20"]
[SourceQuality "1"]
[WhiteTeam "Bydgoszcz Emdek"]
[BlackTeam "Swiecie Gambit"]
[WhiteTeamCountry "POL"]
[BlackTeamCountry "POL"]

1. e4 Nc6 2. Nf3 e5 3. Bb5 Nf6 4. 0-0 d6 5. d4 Bd7 6. Nc3 exd4 7. Nxd4 Be7 8. Bf4 0-0 9. Re1 Nxd4 10. Qxd4 Bxb5 11. Nxb5 Nd7 12. e5 dxe5 13. Bxe5 Bc5 14. Qc3 c6 15. Bxg7 cxb5 16. Qg3 Bxf2+ 17. Kxf2 Qb6+ 18. Re3 Qg6 19. Bxf8 Kxf8 20. Qxg6 hxg6 21. Rd1 Nf6 22. h3 Rc8 23. c3 Rc7 24. Rd6 Kg7 25. Ke2 Nh5 26. Rf3 Re7+ 27. Kd3 Re1 28. Kc2 Re2+ 29. Rd2 Re7 30. Kd1 Nf6 31. Rd4 Ne4 32. g4 Ng5 33. Rfd3 Re8 34. h4 Ne6 35. Re4 Rh8 36. Rd5 Rxh4 37. Rxb5 b6 38. b4 Rh2 39. a4 Kh6 40. a5 Nc7 41. Rbe5 f6 42. axb6 axb6 43. Re2 Rxe2 44. Rxe2 Nd5 45. Kd2 Kg5 46. Re4 Nf4 47. c4 1-0

[Event "POL-ch U16"]
[Site "Szczyrk"]
[Date "2013.??.??"]
[Round "9"]
[White "Drop, Szymon"]
[Black "Maciejewski, Mikolaj"]
[Result "1/2-1/2"]
[WhiteElo "1818"]
[BlackElo "1733"]
[PlyCount "107"]
[EventDate "2013.03.17"]
[EventType "swiss"]
[EventRounds "9"]
[EventCountry "POL"]
[SourceTitle "CBM 153 Extra"]
[Source "ChessBase"]
[SourceDate "2013.04.22"]
[SourceVersion "1"]
[SourceVersionDate "2013.04.22"]
[SourceQuality "1"]

1. e4 c5 2. Nf3 Nc6 3. d4 cxd4 4. Nxd4 Nf6 5. Nc3 e5 6. Nf5 d6 7. Bc4 Be6 8. Bb3 a6 9. Bg5 h6 10. Bxf6 Qxf6 11. Nxd6+ Bxd6 12. Qxd6 Rd8 13. Qc5 Qg5 14. Nd5 Bxd5 15. Bxd5 Qxg2 16. 0-0-0 Qg5+ 17. Kb1 Rc8 18. Rhg1 Qf6 19. Bxc6+ Rxc6 20. Qb4 Qxf2 21. Qxb7 Qxc2+ 22. Ka1 0-0 23. a3 Qxe4 24. Qe7 Re6 25. Qc5 Qc6 26. Qb4 Rg6 27. Rge1 Re8 28. Rc1 Qb6 29. Qa4 Rb8 30. Qc2 Rc6 31. Qg2 Rxc1+ 32. Rxc1 Rd8 33. Qg4 Qd4 34. Qf5 Qf4 35. Qc2 e4 36. Qc4 Qf3 37. Ka2 e3 38. Re1 Rd2 39. Rxe3 Qxe3 40. Qc8+ Rd8 41. Qxd8+ Kh7 42. b4 f5 43. Qd5 Kg6 44. Qd6+ Kg5 45. Qxa6 f4 46. b5 Qe2+ 47. Kb3 f3 48. Qb7 f2 49. Qxg7+ Kf5 50. Qf7+ Ke4 51. Qe8+ Kf3 52. Qh5+ Ke3 53. Qe5+ Kd3 54. Qd5+ 1/2-1/2

[Event "POL-chT3 Kujawsko Pomorskie 1314"]
[Site "Poland"]
[Date "2013.??.??"]
[Round "3.26"]
[White "Maciejewski, Mikolaj"]
[Black "Gawronski, Miroslaw"]
[Result "0-1"]
[WhiteElo "1762"]
[BlackElo "2115"]
[PlyCount "84"]
[EventDate "2013.11.03"]
[EventType "team-tourn"]
[EventRounds "11"]
[EventCountry "POL"]
[SourceTitle "EXT 2015"]
[Source "ChessBase"]
[SourceDate "2014.11.20"]
[SourceVersion "1"]
[SourceVersionDate "2014.11.20"]
[SourceQuality "1"]
[WhiteTeam "Bydgoszcz Emdek"]
[BlackTeam "Inowroclaw OSiR Pozkal"]
[WhiteTeamCountry "POL"]
[BlackTeamCountry "POL"]

1. e4 c5 2. Nf3 e6 3. d4 cxd4 4. Nxd4 a6 5. a4 Qc7 6. Bd3 b6 7. Be3 Bb7 8. Nd2 Nf6 9. c3 h5 10. f3 Nc6 11. Nxc6 dxc6 12. Nc4 Nd7 13. b4 Rd8 14. Qe2 c5 15. b5 axb5 16. axb5 Ne5 17. Rd1 Rxd3 18. Rxd3 Nxc4 19. Bf2 Ne5 20. Rd2 c4 21. Bg3 Bd6 22. 0-0 h4 23. Bxe5 Bxe5 24. Rfd1 0-0 25. Rd7 Qb8 26. Qxc4 Bc8 27. Rd8 Bxh2+ 28. Kf1 Qc7 29. Qd4 f6 30. Rxf8+ Kxf8 31. Qd8+ Kf7 32. Qd3 Qc5 33. Ke2 Bf4 34. Ra1 Be5 35. Ra7+ Bc7 36. Ra8 Bg3 37. Ra7+ Kg6 38. Ra4 Qf2+ 39. Kd1 Qg1+ 40. Kc2 Qxg2+ 41. Kb3 e5 42. Qd8 Be6+ 0-1

[Event "POL-ch U16"]
[Site "Szczyrk"]
[Date "2013.??.??"]
[Round "5"]
[White "Maciejewski, Mikolaj"]
[Black "Mirski, Michal"]
[Result "1/2-1/2"]
[WhiteElo "1733"]
[BlackElo "1895"]
[PlyCount "36"]
[EventDate "2013.03.17"]
[EventType "swiss"]
[EventRounds "9"]
[EventCountry "POL"]
[SourceTitle "CBM 153 Extra"]
[Source "ChessBase"]
[SourceDate "2013.04.22"]
[SourceVersion "1"]
[SourceVersionDate "2013.04.22"]
[SourceQuality "1"]

1. e4 c5 2. Nf3 Nc6 3. d4 cxd4 4. Nxd4 Nf6 5. Nc3 d6 6. Be2 g6 7. 0-0 Bg7 8. Be3 0-0 9. Nb3 a6 10. a4 Na5 11. e5 Ne8 12. Nxa5 Qxa5 13. Nd5 Qd8 14. Bb6 Qd7 15. Bd4 Qd8 16. Bb6 Qd7 17. Bd4 Qd8 18. Bb6 Qd7 1/2-1/2

[Event "POL-chT3 Kujawsko Pomorskie 1213"]
[Site "Poland"]
[Date "2012.12.09"]
[Round "4.16"]
[White "Szybowicz, Piotr"]
[Black "Maciejewski, Mikolaj"]
[Result "1/2-1/2"]
[WhiteElo "1870"]
[BlackElo "1733"]
[PlyCount "91"]
[EventDate "2012.11.04"]
[EventType "team-tourn"]
[EventRounds "11"]
[EventCountry "POL"]
[SourceTitle "EXT 2015"]
[Source "ChessBase"]
[SourceDate "2014.11.20"]
[SourceVersion "1"]
[SourceVersionDate "2014.11.20"]
[SourceQuality "1"]
[WhiteTeam "Szubin Szachowa Dwojka"]
[BlackTeam "Bydgoszcz Emdek"]
[WhiteTeamCountry "POL"]
[BlackTeamCountry "POL"]

1. d4 c5 2. d5 d6 3. c4 Nf6 4. Nc3 g6 5. e4 Bg7 6. f4 0-0 7. Nf3 e6 8. Be2 exd5 9. exd5 Re8 10. 0-0 Bf5 11. Bd3 Ne4 12. Qc2 Nxc3 13. bxc3 Bxd3 14. Qxd3 Nd7 15. f5 Qf6 16. Bd2 Qxf5 17. Qxf5 gxf5 18. Nh4 Re2 19. Rad1 Ne5 20. Nxf5 Nxc4 21. Bf4 Be5 22. Bxe5 Rxe5 23. Nh6+ Kg7 24. Nxf7 Re2 25. Rd3 Ne3 26. Rf3 Rxg2+ 27. Kh1 Re2 28. Rdxe3 Rxe3 29. Rxe3 Kxf7 30. Re6 Rd8 31. c4 a6 32. a4 b5 33. axb5 axb5 34. cxb5 c4 35. b6 c3 36. Re3 Rc8 37. b7 Rb8 38. Rxc3 Rxb7 39. Rc6 Rd7 40. Rc3 Kf6 41. Rh3 Rg7 42. Re3 Kf5 43. h3 Kf4 44. Re6 Rg6 45. Kh2 Kf5 46. Re7 1/2-1/2

[Event "POL-chT3 Kujawsko Pomorskie 1213"]
[Site "Poland"]
[Date "2012.12.02"]
[Round "3.16"]
[White "Maciejewski, Mikolaj"]
[Black "Halas, Przemyslaw"]
[Result "1/2-1/2"]
[WhiteElo "1733"]
[BlackElo "2036"]
[PlyCount "146"]
[EventDate "2012.11.04"]
[EventType "team-tourn"]
[EventRounds "11"]
[EventCountry "POL"]
[SourceTitle "EXT 2015"]
[Source "ChessBase"]
[SourceDate "2014.11.20"]
[SourceVersion "1"]
[SourceVersionDate "2014.11.20"]
[SourceQuality "1"]
[WhiteTeam "Bydgoszcz Emdek"]
[BlackTeam "Inowroclaw OSiR Pozkal"]
[WhiteTeamCountry "POL"]
[BlackTeamCountry "POL"]

1. e4 c5 2. Nf3 d6 3. d4 cxd4 4. Nxd4 Nf6 5. Nc3 a6 6. a4 g6 7. Be2 Bg7 8. Be3 Nc6 9. Nb3 Na5 10. 0-0 Nxb3 11. cxb3 Qa5 12. Qd2 Ng4 13. Bd4 0-0 14. Bxg7 Kxg7 15. Qd4+ Qe5 16. Qxe5+ Nxe5 17. Nd5 Be6 18. f4 Bxd5 19. exd5 Nd7 20. Rac1 Rac8 21. Rc3 Rxc3 22. bxc3 Rc8 23. c4 Kf6 24. Bd3 a5 25. h4 h5 26. f5 g5 27. hxg5+ Kxg5 28. Kf2 Ne5 29. Ke3 Nxd3 30. Kxd3 Kf6 31. Rf3 h4 32. Rh3 Rg8 33. Rxh4 Kxf5 34. Rh7 Kf6 35. Rh6+ Ke5 36. Rh5+ f5 37. Rh7 Rg3+ 38. Ke2 Rxb3 39. Rxe7+ Kd4 40. Rd7 Rb6 41. Rf7 Kxc4 42. Rxf5 Kd4 43. g4 Ke4 44. Rf6 Rb2+ 45. Kf1 Kxd5 46. g5 Ke5 47. Rf7 Rb4 48. g6 b6 49. g7 Rg4 50. Rb7 d5 51. Rxb6 Rxg7 52. Ra6 Kd4 53. Rxa5 Re7 54. Rb5 Kc4 55. Rb2 Kc3 56. Re2 Rf7+ 57. Ke1 d4 58. Re8 Rh7 59. Rc8+ Kd3 60. a5 Rh1+ 61. Kf2 Ra1 62. Rc5 Kd2 63. Rc4 d3 64. Rc5 Re1 65. a6 Re6 66. Ra5 Rf6+ 67. Kg3 Rf8 68. a7 Ra8 69. Kf2 Kc2 70. Rc5+ Kd2 71. Ra5 Kc3 72. Ke1 d2+ 73. Kd1 Kb4 1/2-1/2

[Event "POL-chT3 Kujawsko Pomorskie 1213"]
[Site "Poland"]
[Date "2012.11.18"]
[Round "2.11"]
[White "Sliwicki, Damian"]
[Black "Maciejewski, Mikolaj"]
[Result "1/2-1/2"]
[WhiteElo "2015"]
[BlackElo "1733"]
[PlyCount "79"]
[EventDate "2012.11.04"]
[EventType "team-tourn"]
[EventRounds "11"]
[EventCountry "POL"]
[SourceTitle "EXT 2015"]
[Source "ChessBase"]
[SourceDate "2014.11.20"]
[SourceVersion "1"]
[SourceVersionDate "2014.11.20"]
[SourceQuality "1"]
[WhiteTeam "Torun UKS OPP"]
[BlackTeam "Bydgoszcz Emdek"]
[WhiteTeamCountry "POL"]
[BlackTeamCountry "POL"]

1. d4 c5 2. d5 d6 3. e4 g6 4. f4 Bg7 5. Nf3 Nf6 6. Nc3 0-0 7. Bc4 e6 8. 0-0 exd5 9. Bxd5 Nxd5 10. Nxd5 Nc6 11. c3 b6 12. Be3 Bb7 13. f5 Ne7 14. fxg6 hxg6 15. Ng5 Nxd5 16. exd5 Bf6 17. Qg4 Kg7 18. c4 Bc8 19. Qh4 Rh8 20. Qg3 Rh5 21. Rxf6 Qxf6 22. Rf1 Bf5 23. Ne4 Qe5 24. Nxd6 Qxg3 25. hxg3 Rah8 26. Rf4 Rd8 27. Nxf7 Kxf7 28. g4 Rg5 29. gxf5 Rxf5 30. Rh4 Rh5 31. Rxh5 gxh5 32. Kf2 Kg6 33. Kf3 Kf5 34. g3 Rd7 35. Bf4 Rd8 36. a3 Rd7 37. b4 cxb4 38. axb4 b5 39. Ke3 bxc4 40. d6 1/2-1/2

[Event "POL-chT3 1112"]
[Site "Poland"]
[Date "2012.02.26"]
[Round "7.21"]
[White "Maciejewski, Mikolaj"]
[Black "Studzinski, Tadeusz"]
[Result "0-1"]
[WhiteElo "1635"]
[BlackElo "1982"]
[PlyCount "92"]
[EventDate "2011.11.06"]
[EventType "team-tourn"]
[EventRounds "11"]
[EventCountry "POL"]
[SourceTitle "EXT 2015"]
[Source "ChessBase"]
[SourceDate "2014.11.20"]
[SourceVersion "1"]
[SourceVersionDate "2014.11.20"]
[SourceQuality "1"]
[WhiteTeam "Bydgoszcz Emdek"]
[BlackTeam "Chojnice UKS Osemka"]
[WhiteTeamCountry "POL"]
[BlackTeamCountry "POL"]

1. e4 d5 2. exd5 Qxd5 3. Nc3 Qd6 4. d4 a6 5. Nf3 Nf6 6. h3 Bf5 7. Bd3 Bxd3 8. Qxd3 Nc6 9. Ne2 e6 10. c3 h6 11. Bf4 Qd7 12. 0-0-0 0-0-0 13. Ne5 Nxe5 14. Bxe5 Nd5 15. a3 Qc6 16. Qf3 Rd7 17. Rd2 Qa4 18. Nf4 Nb6 19. Nd3 Nc4 20. Rc2 Qb3 21. Nb4 Bxb4 22. cxb4 Qa2 23. Rxc4 Qxc4+ 24. Kb1 f6 25. Rc1 Qd5 26. Qxd5 exd5 27. Bg3 Re8 28. a4 Re4 29. Rd1 Re2 30. Rd3 Rde7 31. b5 R2e6 32. Rc3 axb5 33. axb5 Rb6 34. Rc5 c6 35. bxc6 bxc6 36. Ra5 Reb7 37. Ra2 Rb4 38. Kc2 Rxd4 39. Ra8+ Kd7 40. Rg8 Ke6 41. b3 Rdb4 42. Re8+ Kd7 43. Rg8 Ke6 44. Re8+ Kf5 45. Re3 d4 46. Rf3+ Ke6 0-1

[Event "POL-chT3 1112"]
[Site "Poland"]
[Date "2012.01.??"]
[Round "5.27"]
[White "Maciejewski, Mikolaj"]
[Black "Grzenkowicz, Przemyslaw"]
[Result "1/2-1/2"]
[WhiteElo "1635"]
[BlackElo "1862"]
[PlyCount "46"]
[EventDate "2011.11.06"]
[EventType "team-tourn"]
[EventRounds "11"]
[EventCountry "POL"]
[SourceTitle "EXT 2015"]
[Source "ChessBase"]
[SourceDate "2014.11.20"]
[SourceVersion "1"]
[SourceVersionDate "2014.11.20"]
[SourceQuality "1"]
[WhiteTeam "Bydgoszcz Emdek"]
[BlackTeam "Bydgoszcz Wiartrak"]
[WhiteTeamCountry "POL"]
[BlackTeamCountry "POL"]

1. e4 c5 2. Nf3 Nc6 3. d4 cxd4 4. Nxd4 Nf6 5. Nc3 d6 6. Be2 a6 7. a4 e5 8. Nb3 Be6 9. Be3 d5 10. exd5 Nxd5 11. Nxd5 Bxd5 12. 0-0 Be7 13. c4 Be6 14. Nc5 Qc8 15. Nxe6 Qxe6 16. Qc2 0-0 17. a5 Rac8 18. b3 Rfd8 19. h3 g6 20. Bf3 Nb4 21. Qe4 Rd7 22. Rad1 f5 23. Qb1 Rcd8 1/2-1/2

[Event "Polanica Zdroj op-D 47th"]
[Site "Polanica Zdroj"]
[Date "2011.08.21"]
[Round "2"]
[White "Dzieczkaniec, Wieslaw"]
[Black "Maciejewski, Mikolaj"]
[Result "0-1"]
[WhiteElo "1878"]
[BlackElo "1635"]
[PlyCount "130"]
[EventDate "2011.08.20"]
[EventType "swiss"]
[EventRounds "9"]
[EventCountry "POL"]
[SourceTitle "EXT 2014"]
[Source "ChessBase"]
[SourceDate "2013.11.20"]
[SourceVersion "1"]
[SourceVersionDate "2013.11.20"]
[SourceQuality "1"]

1. d4 Nf6 2. c4 d6 3. Nc3 g6 4. e4 Bg7 5. Nf3 0-0 6. Bg5 Nbd7 7. Qd2 c5 8. d5 Nb6 9. h3 a6 10. Rd1 Re8 11. b3 Bd7 12. Bd3 Qc7 13. 0-0 e6 14. dxe6 Rxe6 15. Bc2 Bc6 16. Bf4 Ne8 17. Nd5 Bxd5 18. exd5 Re7 19. Rfe1 Nf6 20. Rxe7 Qxe7 21. Re1 Qd7 22. Qa5 Nc8 23. Re2 b5 24. Bg5 b4 25. a3 bxa3 26. Qxa3 a5 27. Qc1 Nb6 28. Qe1 Re8 29. Rxe8+ Qxe8 30. Qxa5 Nbd7 31. Qc7 Bf8 32. Bf4 Qe2 33. Bxg6 hxg6 34. Bxd6 Bxd6 35. Qxd6 Qd1+ 36. Kh2 Qxb3 37. Ne5 Qb8 38. Qxb8+ Nxb8 39. Nd3 Nbd7 40. f3 Ne8 41. Kg3 Nd6 42. Kf4 Nxc4 43. h4 Ncb6 44. Ke4 f5+ 45. Kf4 Nxd5+ 46. Kg5 Kg7 47. h5 gxh5 48. Kxf5 c4 49. Ne1 c3 50. Kg5 Ne3 51. g4 hxg4 52. fxg4 Ne5 53. Kh5 N5xg4 54. Nd3 Kf6 55. Kh4 Kf5 56. Kg3 Ke4 57. Nc1 Ne5 58. Na2 c2 59. Kf2 Nd3+ 60. Ke2 Nb4 61. Nc1 Nc4 62. Nb3 Na2 63. Kf2 Kd3 64. Nc5+ Kc3 65. Ne4+ Kb4 0-1

[Event "Podlaskie-ch U15 17th"]
[Site "Suwalki"]
[Date "2011.04.20"]
[Round "9"]
[White "Osinski, Emil"]
[Black "Maciejewski, Mikolaj"]
[Result "1-0"]
[WhiteElo "1672"]
[BlackElo "1622"]
[PlyCount "31"]
[EventDate "2011.04.14"]
[EventType "swiss"]
[EventRounds "10"]
[EventCountry "POL"]
[SourceTitle "EXT 2012"]
[Source "ChessBase"]
[SourceDate "2011.11.24"]
[SourceVersion "1"]
[SourceVersionDate "2011.11.24"]
[SourceQuality "1"]

1. e4 c6 2. d4 d5 3. Nc3 dxe4 4. Nxe4 Bf5 5. Ng3 Bg6 6. Nh3 h6 7. Nf4 Bh7 8. Bc4 Nf6 9. 0-0 g5 10. Nfh5 Nbd7 11. c3 Qc7 12. f4 g4 13. f5 Bg8 14. a4 c5 15. Nxf6+ Nxf6 16. Bb5+ 1-0

[Event "Podlaskie-ch U15 17th"]
[Site "Suwalki"]
[Date "2011.04.18"]
[Round "6"]
[White "Krawiecki, Stanislaw"]
[Black "Maciejewski, Mikolaj"]
[Result "1-0"]
[WhiteElo "1520"]
[BlackElo "1622"]
[PlyCount "53"]
[EventDate "2011.04.14"]
[EventType "swiss"]
[EventRounds "10"]
[EventCountry "POL"]
[SourceTitle "EXT 2012"]
[Source "ChessBase"]
[SourceDate "2011.11.24"]
[SourceVersion "1"]
[SourceVersionDate "2011.11.24"]
[SourceQuality "1"]

1. e4 c5 2. Nf3 Nc6 3. d4 cxd4 4. Nxd4 e5 5. Nb5 a6 6. Nd6+ Bxd6 7. Qxd6 Qf6 8. Qxf6 Nxf6 9. Nc3 d5 10. exd5 Nb4 11. Bd3 Nxd3+ 12. cxd3 Bf5 13. Bg5 Bxd3 14. Bxf6 gxf6 15. 0-0-0 Bf5 16. f4 0-0-0 17. h3 h5 18. d6 Rhg8 19. Nd5 Kb8 20. Ne7 Rxg2 21. Nxf5 Rc8+ 22. Kb1 Rcc2 23. Ne3 Rxb2+ 24. Kc1 Rge2 25. d7 Rxa2 26. d8Q+ Ka7 27. Qd3 1-0

[Event "Podlaskie-ch U15 17th"]
[Site "Suwalki"]
[Date "2011.04.18"]
[Round "7"]
[White "Maciejewski, Mikolaj"]
[Black "Gluszak, Pawel"]
[Result "1-0"]
[WhiteElo "1622"]
[BlackElo "1528"]
[PlyCount "35"]
[EventDate "2011.04.14"]
[EventType "swiss"]
[EventRounds "10"]
[EventCountry "POL"]
[SourceTitle "EXT 2012"]
[Source "ChessBase"]
[SourceDate "2011.11.24"]
[SourceVersion "1"]
[SourceVersionDate "2011.11.24"]
[SourceQuality "1"]

1. e4 c5 2. Nf3 e6 3. d4 cxd4 4. Nxd4 a6 5. Nc3 Qc7 6. a3 Nf6 7. Be2 d6 8. Be3 Be7 9. 0-0 0-0 10. f4 Nbd7 11. g4 b5 12. g5 Ne8 13. f5 e5 14. Nd5 Qb7 15. Nxe7+ Kh8 16. Nb3 Nb6 17. Nxc8 Rxc8 18. Bd3 1-0

[Event "Podlaskie-ch U15 17th"]
[Site "Suwalki"]
[Date "2011.04.15"]
[Round "2"]
[White "Maciejewski, Mikolaj"]
[Black "Chmielarz, Maciej"]
[Result "0-1"]
[WhiteElo "1622"]
[BlackElo "1823"]
[PlyCount "78"]
[EventDate "2011.04.14"]
[EventType "swiss"]
[EventRounds "10"]
[EventCountry "POL"]
[SourceTitle "EXT 2012"]
[Source "ChessBase"]
[SourceDate "2011.11.24"]
[SourceVersion "1"]
[SourceVersionDate "2011.11.24"]
[SourceQuality "1"]

1. e4 c6 2. d4 d5 3. e5 c5 4. dxc5 Nc6 5. Bb5 e6 6. Be3 Bd7 7. Bxc6 Bxc6 8. Nf3 Ne7 9. Nd4 Rc8 10. f4 Ng6 11. b4 a6 12. c3 Qh4+ 13. g3 Qh3 14. Nd2 Nh4 15. Rg1 Ng2+ 16. Kf2 Nxe3 17. Kxe3 g5 18. Qf3 g4 19. Qf2 Qh6 20. N2b3 Bg7 21. Ke2 Ke7 22. a4 f6 23. b5 fxe5 24. bxc6 exd4 25. cxb7 Rc7 26. cxd4 Rxb7 27. Rab1 Rhb8 28. Nd2 Rxb1 29. Rxb1 Rxb1 30. Nxb1 Qg6 31. Nd2 Qc2 32. Qe3 Qxa4 33. Qb3 Qc6 34. Ke3 a5 35. Qc2 h5 36. Qh7 Kf8 37. Qxh5 Qa4 38. Qxg4 Bxd4+ 39. Kf3 Qd1+ 0-1

[Event "Polanica Zdroj op-B 46th"]
[Site "Polanica Zdroj"]
[Date "2010.08.25"]
[Round "8"]
[White "Maciejewski, Mikolaj"]
[Black "Duszenko, Michal"]
[Result "1-0"]
[WhiteElo "1616"]
[BlackElo "1834"]
[PlyCount "151"]
[EventDate "2010.08.18"]
[EventType "swiss"]
[EventRounds "9"]
[EventCountry "POL"]
[SourceTitle "CBM 138 Extra"]
[Source "ChessBase"]
[SourceDate "2010.10.29"]
[SourceVersion "1"]
[SourceVersionDate "2010.10.29"]
[SourceQuality "1"]

1. e4 e5 2. Nf3 Nc6 3. Bb5 Nf6 4. 0-0 Nxe4 5. Re1 Nd6 6. Bxc6 dxc6 7. Nxe5 Be7 8. h3 0-0 9. d4 Be6 10. Nc3 Nf5 11. Nf3 Bf6 12. Be3 Nh4 13. Nxh4 Bxh4 14. Qf3 Qd7 15. Rad1 Rad8 16. Ne4 Bd5 17. Qf4 Be7 18. Nc5 Qc8 19. Qg3 Bd6 20. Bf4 Qf5 21. Bxd6 Rxd6 22. Qd3 Qh5 23. c4 Be6 24. Nxe6 Rxe6 25. Rxe6 fxe6 26. Re1 Qh4 27. Re2 Rf4 28. Qe3 Qf6 29. d5 cxd5 30. cxd5 exd5 31. Qe8+ Qf8 32. Qe6+ Kh8 33. Qxd5 h6 34. Qxb7 Qc5 35. Qc8+ Kh7 36. Qd7 Rd4 37. Qe6 Qc1+ 38. Re1 Qf4 39. g3 Qf3 40. Qe3 Qd5 41. Qe5 Qd7 42. Qe7 Qb5 43. Qxc7 Qxb2 44. Qxa7 Qb4 45. Qe7 Qa5 46. Qe5 Rd5 47. Qe4+ Kh8 48. Rc1 Rd8 49. Qe6 Qa8 50. Qc4 Qa3 51. Qc7 Re8 52. Qc4 Rd8 53. Rb1 Ra8 54. Rb3 Qa5 55. a4 Rd8 56. Qb4 Rd1+ 57. Kh2 Qd5 58. Qf8+ Kh7 59. Rf3 Qc4 60. Qf5+ Kh8 61. Qb5 Qe4 62. Rf8+ Kh7 63. Qf5+ Qxf5 64. Rxf5 Ra1 65. a5 Ra3 66. Rb5 Kg8 67. Kg2 Kh7 68. g4 Kg8 69. f3 Kh7 70. Kg3 Ra4 71. h4 g6 72. Rb7+ Kg8 73. Rb6 Kg7 74. a6 Kh7 75. Rb7+ Kg8 76. a7 1-0

[Event "Chojnice op-B 6th"]
[Site "Chojnice"]
[Date "2010.07.14"]
[Round "7.5"]
[White "Gora, Jan"]
[Black "Maciejewski, Mikolaj"]
[Result "1-0"]
[WhiteElo "1848"]
[BlackElo "1616"]
[PlyCount "63"]
[EventDate "2010.07.08"]
[EventType "swiss"]
[EventRounds "9"]
[EventCountry "POL"]
[SourceTitle "EXT 2023"]
[Source "ChessBase"]
[SourceDate "2022.10.05"]
[SourceVersion "1"]
[SourceVersionDate "2022.10.05"]
[SourceQuality "1"]

1. e4 c6 2. d4 d5 3. exd5 cxd5 4. c4 Nf6 5. Nc3 e6 6. c5 Nc6 7. Bb5 a6 8. Bxc6+ bxc6 9. Nf3 Be7 10. 0-0 0-0 11. Ne5 Qc7 12. Bf4 Qb7 13. Na4 Nd7 14. Nxd7 Bxd7 15. Nb6 Ra7 16. a4 a5 17. b4 g5 18. Bd2 f5 19. Qh5 Be8 20. Qh6 Rf6 21. Qxg5+ Rg6 22. Qe3 Bg5 23. f4 Bd8 24. bxa5 Qg7 25. Rf2 h5 26. Re2 Qh8 27. Kh1 Be7 28. Nc8 Rc7 29. Nxe7+ Rxe7 30. Rb1 Rgg7 31. a6 Ra7 32. Qxe6+ 1-0

[Event "Chojnice op-B 6th"]
[Site "Chojnice"]
[Date "2010.07.11"]
[Round "3.13"]
[White "Labun, Kornel"]
[Black "Maciejewski, Mikolaj"]
[Result "0-1"]
[WhiteElo "1796"]
[BlackElo "1616"]
[PlyCount "77"]
[EventDate "2010.07.08"]
[EventType "swiss"]
[EventRounds "9"]
[EventCountry "POL"]
[SourceTitle "EXT 2023"]
[Source "ChessBase"]
[SourceDate "2022.10.05"]
[SourceVersion "1"]
[SourceVersionDate "2022.10.05"]
[SourceQuality "1"]

1. e4 c6 2. d4 d5 3. exd5 cxd5 4. c4 Nf6 5. Nc3 e6 6. Nf3 Nc6 7. c5 b6 8. cxb6 Qxb6 9. Qa4 Bd7 10. Bb5 a6 11. 0-0 Be7 12. Bf4 0-0 13. Bxc6 Bxc6 14. Qc2 Rfc8 15. Bg5 h6 16. Bh4 Rab8 17. Rab1 Be8 18. Rfc1 Qd8 19. Qd3 Bb5 20. Nxb5 Rxb5 21. Rxc8 Qxc8 22. h3 Rxb2 23. Rxb2 Qc1+ 24. Qf1 Qxb2 25. Qxa6 g5 26. Bg3 Ne4 27. Qa7 Nxg3 28. fxg3 Bd6 29. Kh2 Qf2 30. Ne5 Qf5 31. Nf3 g4 32. hxg4 Qxg4 33. Qa8+ Kg7 34. Qd8 Bxg3+ 35. Kh1 Qh5+ 36. Kg1 Qf5 37. Qb6 Qc2 38. Qb3 Qc1+ 39. Qd1 0-1